Statistiques concernant Pays commençant par la lettre A

Cliquez ici pour prendre le quiz!

Statistiques générales

  • Ce quiz a été pris 170 fois
  • Le résultat moyen est 11 sur 14

Statistiques - réponses

HintRéponse% Correct
3Albanie
96%
13Arménie
84%
4algerie
83%
5allemagne
83%
1afghanistan
81%
7angola
80%
8Australie
79%
6andorre
77%
12Argentine
76%
14Autriche
75%
2Afrique du Sud
72%
9Azerbaïdjan
72%
10Antigua-et-Barbuda
66%
11Arabie saoudite
66%

Distribution des résultats

Percentile par nombre de réponses

% des personnes avec chaque résultat

Votre développement - résultats

Vous n’avez pas pris ce quiz